| 000 | 00776nam a2200241 u 4500 | ||
|---|---|---|---|
| 005 | 20220816063948.0 | ||
| 008 | 150225s1999 r 000 0 eng d | ||
| 020 | _a8439287240 | ||
| 035 | _aUPN01000202077 | ||
| 049 | _aI | ||
| 050 | 4 |
_aPZ76.3 _bM6.52 |
|
| 100 | 1 |
_aMoser, Erwin, _d1954- _931970 |
|
| 245 | 1 | 0 |
_aManuel y Didí y el sillón : _baventuras ratoniles en primavera / _cErwin Moser ; tr. Silvia Bardelás. |
| 260 |
_aMadrid : _bGaviota, _c1999. |
||
| 300 |
_a46 p. : _bil. col. |
||
| 440 | 0 | _aGaviota junior | |
| 534 |
_pTítulo original: _tManuel E Didi Der Lehnstuhl |
||
| 650 | 4 |
_aRATONES - _vLITERATURA INFANTIL _910248 |
|
| 650 | 0 |
_aHistorias de aventuras _94131 |
|
| 650 | 0 |
_aAmistad en la literatura _910763 |
|
| 905 | _aInfantil | ||
| 999 |
_c174178 _d174178 |
||